Пятидесятилетний юбилей С.-Петербургского практического технологического института: 28-го ноября 1878 г.; Пятидесятилетний юбилей С.-Петербургского практического технологического института; Обзор развития красильного искусства и промышленное значение искусственных пигментов; Краткий исторический очерк о С.-Петербургском практическом технологическом институте; Программы предметов преподаваемых в С.-Петербургском практическом технологическом институте с распределением их по курсам; Правила по учебной части, ныне действующие в С.-Петербургском практическом технологическом институте; Список лиц, служивших и служащих в С.-Петербургском практическом технологическом институте
| Summary: | Текст в русской дореформенной орфографии Печатано по распоряжению Спб. Технологического Практического Института Раздельная пагинация страниц |
|---|---|
| Language: | Russian |
| Published: |
Санкт-Петербург, Типография (бывшая) А. М. Котомина, 1879
|
| TOC: | Пятидесятилетний юбилей С.-Петербургского практического технологического института; Обзор развития красильного искусства и промышленное значение искусственных пигментов; Краткий исторический очерк о С.-Петербургском практическом технологическом институте; Программы предметов преподаваемых в С.-Петербургском практическом технологическом институте с распределением их по курсам; Правила по учебной части, ныне действующие в С.-Петербургском практическом технологическом институте; Список лиц, служивших и служащих в С.-Петербургском практическом технологическом институте; |
| Subjects: | |
| Format: | Book |
| KOHA link: | https://koha.lib.tpu.ru/cgi-bin/koha/opac-detail.pl?biblionumber=359790 |
MARC
| LEADER | 00000nam0a2200000 4500 | ||
|---|---|---|---|
| 001 | 359790 | ||
| 005 | 20231102011223.0 | ||
| 035 | |a (RuTPU)RU\TPU\retro\17091 | ||
| 090 | |a 359790 | ||
| 100 | |a 20210112d1879 m y0rusy50 ca | ||
| 101 | 0 | |a rus | |
| 102 | |a RU | ||
| 105 | |a y z 011zy | ||
| 200 | 1 | |a Пятидесятилетний юбилей С.-Петербургского практического технологического института |e 28-го ноября 1878 г. | |
| 210 | |a Санкт-Петербург |c Типография (бывшая) А. М. Котомина |d 1879 | ||
| 215 | |a [2], 44, [2], 56, [2], 123, [2], 165, 87 с. |c табл. | ||
| 300 | |a Текст в русской дореформенной орфографии | ||
| 300 | |a Печатано по распоряжению Спб. Технологического Практического Института | ||
| 300 | |a Раздельная пагинация страниц | ||
| 316 | |5 63413507: 75//27 |a На обложке владельческая подпись: "Н. Кулибин" | ||
| 316 | |5 63413507: 75//27 |a На обложке экслибрис Библиотеки С. Н. Кулибина | ||
| 316 | |5 63413507: 75//27 |a Внутрь вложено сопроводительное письмо на имя Н. А. Кулибина | ||
| 317 | |5 63413507: 75//27 |a Поступил в НТБ в 1900 г. в составе книжного собрания С. Н. Кулибина | ||
| 320 | |a Библиогр. в примеч. | ||
| 464 | |t Пятидесятилетний юбилей С.-Петербургского практического технологического института | ||
| 464 | |t Обзор развития красильного искусства и промышленное значение искусственных пигментов | ||
| 464 | |t Краткий исторический очерк о С.-Петербургском практическом технологическом институте |o 1828-1878 | ||
| 464 | |t Программы предметов преподаваемых в С.-Петербургском практическом технологическом институте с распределением их по курсам |o учебный год 1878-79 | ||
| 464 | |t Правила по учебной части, ныне действующие в С.-Петербургском практическом технологическом институте | ||
| 464 | |t Список лиц, служивших и служащих в С.-Петербургском практическом технологическом институте |a Ильин, Николай Павлович | ||
| 606 | 1 | |a Высшие технические учебные заведения |2 stltpush |3 (RuTPU)RU\TPU\subj\3996 |9 32316 | |
| 606 | 1 | |a Высшее образование |x История |2 stltpush |3 (RuTPU)RU\TPU\subj\3993 |9 32313 | |
| 610 | 1 | |a владельческие знаки | |
| 610 | 1 | |a дарственные надписи | |
| 610 | 1 | |a дары | |
| 610 | 1 | |a исторические сведения | |
| 610 | 1 | |a техническое образование | |
| 610 | 1 | |a красильное производство | |
| 610 | 1 | |a пигменты | |
| 610 | 1 | |a учебные программы | |
| 610 | 1 | |a профессорско-преподавательский состав | |
| 610 | 1 | |a 19 век | |
| 610 | 1 | |a владельческие подписи | |
| 610 | 1 | |a Библиотека Кулибиных | |
| 686 | |a Ч484(2)72 |v LBC/SL-A |2 rubbk | ||
| 686 | |a Ч483 |v LBC/SL-A |2 rubbk | ||
| 801 | 1 | |a RU |b 63413507 |c 20210112 | |
| 801 | 2 | |a RU |b 63413507 |c 20210531 |g RCR | |
| 942 | |c BK | ||